000 01057cam a22002654a 4500
001 12604603
005 20020826151042.0
008 011130s2002 njua 001 0 eng
010 _a2001059140
020 _a013008851X (pbk.)
040 _aDLC
_cDLC
_dDLC
042 _apcc
050 0 0 _aHF5415.5
_b.G65 2002
082 0 0 _a658.812
_221
_bGOL
100 1 _aGoldenberg, Barton J.
_96917
245 1 0 _aCRM Automation /
_cBarton J. Goldenberg.
260 _aUpper Saddle River, NJ :
_bPrentice Hall PTR,
_cc2002.
300 _axxiv, 294 p. :
_bill. ;
_c24 cm.
500 _aIncludes index.
650 0 _aCustomer relations
_xMarketing.
_96918
650 0 _aCustomer relations
_xData processing.
_96919
942 _2ddc
_cBB
999 _c12029
_d12029